00249pam a2200097a 44500008004100000041000800041100001800049245002900067260004700096300000800143230405s1997 xxu||||| |||| 00| 0 eng d aENG aAbhijit Varde aDaughters of maharashtra abJaysri salgaonkar for Kolnirnay inc1997 a149